000
00266nam a2200097Ia 4500
008
241105s9999 xx 000 0 und d
041
_a
eng
100
_a
Dhamne Shruti
_9
182557
245
_a
Public Market at Ganga Ghat Nashik
260
_b
Final Year B. Arch, BNCA
_c
2014
999
_c
360846
_d
360846